2024-25 Illinois Fighting Illini Players - Statistics

General Stats
  • This quiz has been taken 21 times
    13 since last reset
  • The average score is 11 of 14
Answer Stats
Hint Answer % Correct
4 Kylan Boswell
100%
13 Tomislav Ivisic
100%
5 AJ Redd
92%
3 Ben Humrichous
92%
7 Will Riley
92%
15 Jake Davis
85%
32 Kasparas Jakucionis
85%
21 Morez Johnson Jr.
85%
31 Jason Jakstys
77%
20 Ty Rodgers
77%
22 Tre White
69%
2 Dra Gibbs-Lawhorn
62%
0 Carey Booth
38%
24 Keaton Kutcher
38%
No matching quizzes found
Score Distribution
Percent of People with Each Score
Percentile by Number Answered
Your Score History
You have not taken this quiz since the last reset